
Library Catalogue

| 000 -LEADER | |
|---|---|
| fixed length control field | 00988nam a22002057a 4500 |
| 005 - DATE AND TIME OF LATEST TRANSACTION | |
| control field | 20260203105130.0 |
| 008 - FIXED-LENGTH DATA ELEMENTS--GENERAL INFORMATION | |
| fixed length control field | 230530b |||||||| |||| 00| 0 eng d |
| 020 ## - INTERNATIONAL STANDARD BOOK NUMBER | |
| International Standard Book Number | 9788196167004 (pbk) |
| 082 ## - DEWEY DECIMAL CLASSIFICATION NUMBER | |
| Classification number | 340.1 AJJ |
| 100 ## - MAIN ENTRY--PERSONAL NAME | |
| Personal name | Ajjappa, G.V |
| 245 ## - TITLE STATEMENT | |
| Title | Legal method : |
| Remainder of title | an introduction / |
| Statement of responsibility, etc. | G.V. Ajjappa and Sumeet Malik |
| 260 ## - PUBLICATION, DISTRIBUTION, ETC. | |
| Place of publication, distribution, etc. | Lucknow : |
| Name of publisher, distributor, etc. | Eastern Book Company, |
| Date of publication, distribution, etc. | 2023. |
| 300 ## - PHYSICAL DESCRIPTION | |
| Extent | xviii,182 p. ; |
| Dimensions | 24 cm. |
| 365 ## - TRADE PRICE | |
| Price amount | Rs. 345.00 |
| 505 ## - Contents | |
| Contents | Table of Cases;<br/>I. Introduction;<br/>II. What is “Jurisprudence”?;<br/>III. Nature of Law;<br/>IV. Using a Law Library;<br/>V. Classifications of Law;<br/>VI. Source of Law;<br/>VII. Concept of a Legal System;<br/>VIII. Classification of Legal Systems;<br/>IX. Common Law Family/Tradition;<br/>X. Indian Legal System;<br/>Epilogue;<br/>APPENDICES;<br/>I. Austin’s Analysis;<br/>II. Jurisprudence;<br/>III. Definition of Law;<br/>Subject Index. |
| 650 ## - SUBJECT ADDED ENTRY--TOPICAL TERM | |
| Source of heading or term | Legal Method |
| 650 ## - SUBJECT ADDED ENTRY--TOPICAL TERM | |
| Topical term or geographic name entry element | Concept of a Legal System |
| 650 ## - SUBJECT ADDED ENTRY--TOPICAL TERM | |
| Topical term or geographic name entry element | Indian Legal System |
| 942 ## - ADDED ENTRY ELEMENTS (KOHA) | |
| Source of classification or shelving scheme | Dewey Decimal Classification |
| Koha item type | BOOKs |
| Withdrawn status | Lost status | Source of classification or shelving scheme | Materials specified (bound volume or other part) | Damaged status | Not for loan | Home library | Current library | Shelving location | Date acquired | Source of acquisition | Cost, normal purchase price | Total Checkouts | Full call number | Barcode | Date last seen | Date last checked out | Price effective from | Koha item type | Public note | Total Renewals |
|---|---|---|---|---|---|---|---|---|---|---|---|---|---|---|---|---|---|---|---|---|
| Dewey Decimal Classification | PB | Not For Loan | NLS | NLS | Circulation Counter | 30/05/2023 | Purchase - Mohan Law House | 345.00 | 3 | 340.1 AJJ - 1 | 39169 | 02/02/2026 | 16/12/2025 | 30/05/2023 | BOOKs | Recommended by Prof. Dr. Arun Thiruvengadam | ||||
| Dewey Decimal Classification | PB | NLS | NLS | General Stacks | 30/05/2023 | Purchased - Mohan Law House | 345.00 | 2 | 340.1 AJJ - 2 | 39170 | 21/08/2024 | 17/08/2024 | 30/05/2023 | BOOKs | Recommended by Prof. Dr. Arun Thiruvengadam | 1 |